Proceso contencioso del consejo de la Mesta con las ocho cuadrillas de la vecindad de Villadiego por impedir el paso del ganado real en sus territorios

Detalles Bibliográficos
Otros Autores: licenciado Salcedo
Formato: Libro
Publicado: Mesta, s.f.
Materias:
Colección:Banco de datos
Acervo:Biblioteca Palafoxiana. Colección de Manuscritos
Descripción Física:10 f. ; 21 x 28 cm.
Tema general:Civil
LEADER 00486nam a22001450004500
035 |a 801 
245 1 0 |a Proceso contencioso del consejo de la Mesta con las ocho cuadrillas de la vecindad de Villadiego por impedir el paso del ganado real en sus territorios 
260 |a Mesta, s.f. 
300 |a 10 f. ; 21 x 28 cm. 
650 1 0 |a Civil 
700 1 |a licenciado Salcedo 
949 |a 19679/009 
942 |c PALAMANU 
943 |g Biblioteca Palafoxiana. Colección de Manuscritos 
999 |c 1068746  |d 1068746